| 000 | 00589nam a2200205 a 4500 | ||
|---|---|---|---|
| 005 | 20240806064017.0 | ||
| 008 | 100524s1971 mx r 000 0 spa d | ||
| 035 | _aUPN01000176058 | ||
| 049 | _aCG | ||
| 050 | 4 |
_aPR3403 E8 _bR6a |
|
| 100 | 1 |
_aDefoe, Daniel, _d1660-1731 _932426 |
|
| 245 | 1 | 0 |
_aRobinson Crusoe / _cDaniel Defoe ; tr. de Julio Vacarezza |
| 260 |
_aMéxico : _bDiana, _c1971. |
||
| 300 | _a301 p. | ||
| 440 | 0 | _aObras juveniles | |
| 534 |
_pTítulo original: _tRobinson Crusoe |
||
| 650 | 4 |
_aLiteratura inglesa _95228 |
|
| 650 | 4 |
_aNovela inglesa _94471 |
|
| 905 | _aLibro | ||
| 999 |
_c148161 _d148161 |
||